[Event "Scarborough Open 47th"]
[Site "Scarborough"]
[Date "2024.10.26"]
[Round "2.19"]
[White "Rughani, Mahin"]
[Black "Tarr, Steve"]
[Result "1-0"]
[WhiteElo "1921"]
[BlackElo "1788"]
[PlyCount "83"]
[EventDate "2024.10.25"]
[EventType "swiss"]
[EventRounds "5"]
[EventCountry "ENG"]
[SourceTitle "BritBase"]
[Source "John Saunders"]
[SourceDate "2024.12.27"]
[SourceVersion "1"]
[SourceVersionDate "2024.12.27"]
[SourceQuality "1"]

1. d4 Nf6 2. Bf4 d5 3. e3 c5 4. c3 Nc6 5. Nd2 Qb6 6. Qb3 c4 7. Qc2 g6 8. e4 e6 9. Bg5 Bg7 10. e5 Nd7 11. f4 O-O 12. Ngf3 f6 13. exf6 Nxf6 14. Be2 Ng4 15. g3 e5 16. fxe5 Bf5 17. Qc1 Rae8 18. Bf4 Ncxe5 19. O-O Bd3 20. Nxe5 Nxe5 21. Bxe5 Rxe5 22. Bxd3 cxd3 23. Rxf8+ Kxf8 24. Qf1+ Rf5 25. Qxd3 Bh6 26. Nb3 Qf6 27. Nc5 Qf7 28. Qe2 Rf3 29. Rf1 Rxf1+ 30. Qxf1 a6 31. Ne6+ Ke7 32. Qxf7+ Kxf7 33. Nf4 Bxf4 34. gxf4 Kf6 35. Kf2 Kf5 36. Ke3 Kg4 37. b3 Kf5 38. c4 Ke6 39. c5 b5 40. Kf3 b4 41. Kg4 h6 42. h4 1-0

[Event "Scarborough Open 47th"]
[Site "Scarborough"]
[Date "2024.10.26"]
[Round "2.20"]
[White "Rogowski, Rafal"]
[Black "Vaddhireddy, Sai"]
[Result "0-1"]
[WhiteElo "1728"]
[BlackElo "1961"]
[PlyCount "72"]
[EventDate "2024.10.25"]
[EventType "swiss"]
[EventRounds "5"]
[EventCountry "ENG"]
[SourceTitle "BritBase"]
[Source "John Saunders"]
[SourceDate "2024.12.27"]
[SourceVersion "1"]
[SourceVersionDate "2024.12.27"]
[SourceQuality "1"]

1. d4 d5 2. Nf3 Nf6 3. c4 c6 4. Nc3 dxc4 5. a4 Bf5 6. e3 e6 7. Bxc4 Bb4 8. O-O O-O 9. Bd2 Nbd7 10. Qe2 Bg6 11. Na2 Bxd2 12. Nxd2 e5 13. dxe5 Nxe5 14. Rfd1 Bc2 15. Rdc1 Bxa4 16. Nc3 Nxc4 17. Nxc4 Bb5 18. Nxb5 cxb5 19. Na5 Qb6 20. Qf3 Rab8 21. h3 a6 22. Kh1 Rfe8 23. Kg1 Ne4 24. Rc2 h6 25. g3 Ng5 26. Qg2 Ne6 27. Qd5 Red8 28. Qf3 Ng5 29. Qg2 Rd7 30. h4 Ne6 31. Nb3 Rbd8 32. Kh2 Rd3 33. Na5 R3d7 34. Nb3 Rd5 35. Qf3 Rd3 36. Na5 Nd4 0-1

[Event "Scarborough Open 47th"]
[Site "Scarborough"]
[Date "2024.10.26"]
[Round "2.21"]
[White "Larchikov, Maksym"]
[Black "Wareing, John P"]
[Result "1/2-1/2"]
[WhiteElo "2077"]
[BlackElo "1906"]
[PlyCount "88"]
[EventDate "2024.10.25"]
[EventType "swiss"]
[EventRounds "5"]
[EventCountry "ENG"]
[SourceTitle "BritBase"]
[Source "John Saunders"]
[SourceDate "2024.12.27"]
[SourceVersion "1"]
[SourceVersionDate "2024.12.27"]
[SourceQuality "1"]

1. d4 f5 2. e4 fxe4 3. Nc3 Nf6 4. Bg5 g6 5. Bxf6 exf6 6. Nxe4 d5 7. Ng3 Nc6 8. Qd2 h5 9. Bd3 Kf7 10. c3 Bh6 11. Qc2 Ne7 12. Nf3 Be6 13. Nh4 Rg8 14. O-O Qd6 15. Rae1 Rae8 16. f4 f5 17. Ne2 Rgf8 18. Nf3 Ng8 19. Ne5+ Kg7 20. g3 Nf6 21. Kg2 Rc8 22. b4 c6 23. Ng1 b6 24. Ngf3 Ne4 25. Rc1 Kf6 26. Qa4 Rc7 27. Rfd1 g5 28. fxg5+ Nxg5 29. Nxg5 Bxg5 30. Rc2 h4 31. Rf2 hxg3 32. hxg3 Rh8 33. Ng4+ Kg6 34. Qc2 Kg7 35. Bxf5 Bf7 36. Re1 c5 37. bxc5 bxc5 38. Ne5 Qh6 39. Qd3 Re7 40. Ref1 Be8 41. Bg4 Qh2+ 42. Kf3 Qh6 43. Kg2 Qh2+ 44. Kf3 Qh6 1/2-1/2

[Event "Scarborough Open 47th"]
[Site "Scarborough"]
[Date "2024.10.26"]
[Round "2.22"]
[White "Garnett, John S"]
[Black "Milson, Samuel A"]
[Result "0-1"]
[WhiteElo "1884"]
[BlackElo "2076"]
[PlyCount "72"]
[EventDate "2024.10.25"]
[EventType "swiss"]
[EventRounds "5"]
[EventCountry "ENG"]
[SourceTitle "BritBase"]
[Source "John Saunders"]
[SourceDate "2024.12.27"]
[SourceVersion "1"]
[SourceVersionDate "2024.12.27"]
[SourceQuality "1"]

1. c4 e5 2. g3 Nf6 3. Bg2 h6 4. Nc3 Bb4 5. Qc2 O-O 6. d3 d6 7. Bd2 Nbd7 8. e3 Nc5 9. a3 Bxc3 10. Bxc3 Bf5 11. Rd1 e4 12. d4 Nd3+ 13. Kf1 Ng4 14. Be1 Qf6 15. Qd2 Qe6 16. d5 Qe5 17. h3 Nf6 18. Qc3 Nxb2 19. Qxe5 dxe5 20. Rc1 Rfd8 21. f4 exf4 22. gxf4 b5 23. cxb5 Nxd5 24. Bf2 Nd3 25. Rc4 Nb6 26. Rc2 Nxf2 27. Kxf2 Rd3 28. Ne2 Nd5 29. Ng3 Nxe3 30. Rxc7 Nxg2 31. Kxg2 Rd2+ 32. Kf1 Rc8 33. Rxc8+ Bxc8 34. Rg1 e3 35. Ne4 Rd1+ 36. Kg2 e2 0-1

[Event "Scarborough Open 47th"]
[Site "Scarborough"]
[Date "2024.10.26"]
[Round "2.23"]
[White "Jarmany, John"]
[Black "Ganti, Shriaansh"]
[Result "0-1"]
[WhiteElo "2103"]
[BlackElo "1901"]
[PlyCount "94"]
[EventDate "2024.10.25"]
[EventType "swiss"]
[EventRounds "5"]
[EventCountry "ENG"]
[SourceTitle "BritBase"]
[Source "John Saunders"]
[SourceDate "2024.12.27"]
[SourceVersion "1"]
[SourceVersionDate "2024.12.27"]
[SourceQuality "1"]

1. d4 Nf6 2. c4 e6 3. Nc3 Bb4 4. Qc2 c5 5. dxc5 Nc6 6. Nf3 Bxc5 7. g3 d5 8. cxd5 Nxd5 9. Bg2 O-O 10. O-O Nxc3 11. Qxc3 Qe7 12. Rd1 e5 13. Be3 Bxe3 14. Qxe3 f6 15. Ne1 Be6 16. Bd5 Rfd8 17. Qb3 Rxd5 18. Rxd5 Nd4 19. Qd1 Bxd5 20. e3 Re8 21. f3 Qc5 22. exd4 Qxd4+ 23. Qxd4 exd4 24. Rd1 Re2 25. b3 Rxa2 26. Rxd4 Bc6 27. Nd3 Bxf3 28. Rd7 Rg2+ 29. Kf1 Rxh2 30. Nc5 Bc6 31. Rc7 g5 32. Nxb7 Bxb7 33. Rxb7 Rb2 34. Ke1 a5 35. Rb5 h5 36. Kd1 Rg2 37. Rxa5 Rxg3 38. b4 Rg4 39. b5 Rb4 40. Kc2 h4 41. Kc3 Rb1 42. Kc2 h3 43. Kxb1 h2 44. Kb2 h1=Q 45. Kb3 g4 46. Kc4 g3 47. b6 Qc6+ 0-1

[Event "Scarborough Open 47th"]
[Site "Scarborough"]
[Date "2024.10.26"]
[Round "2.24"]
[White "Ponting, Andrew"]
[Black "Fellowes, Billy"]
[Result "0-1"]
[WhiteElo "1923"]
[BlackElo "2085"]
[PlyCount "76"]
[EventDate "2024.10.25"]
[EventType "swiss"]
[EventRounds "5"]
[EventCountry "ENG"]
[SourceTitle "BritBase"]
[Source "John Saunders"]
[SourceDate "2024.12.27"]
[SourceVersion "1"]
[SourceVersionDate "2024.12.27"]
[SourceQuality "1"]

1. d4 Nf6 2. c4 g6 3. Nc3 Bg7 4. e4 d6 5. f3 O-O 6. Be3 e5 7. Nge2 Nbd7 8. Qd2 a5 9. d5 Nc5 10. g4 h5 11. h3 Nh7 12. gxh5 Qh4+ 13. Kd1 Qxh5 14. Ng1 c6 15. Bxc5 dxc5 16. Qe3 f5 17. Kc2 fxe4 18. fxe4 cxd5 19. Nxd5 Bh6 20. Qg3 Bf4 21. Qg2 Nf6 22. Nxf6+ Rxf6 23. Rd1 Be6 24. Be2 Qh7 25. Nf3 Qf7 26. Rd6 Qe7 27. Rhd1 Bxh3 28. Rxf6 Bxg2 29. Rxg6+ Kf7 30. Rxg2 Rg8 31. Rf2 Ke6 32. Rh1 Kd7 33. Bf1 Kc7 34. Be2 Kb6 35. Bf1 Qd7 36. Be2 Rd8 37. Rg2 Qa4+ 38. Kb1 Qc6 0-1

[Event "Scarborough Open 47th"]
[Site "Scarborough"]
[Date "2024.10.26"]
[Round "2.25"]
[White "Hutchinson, Paul A"]
[Black "Kilshaw, Joe"]
[Result "1/2-1/2"]
[WhiteElo "2040"]
[BlackElo "1929"]
[PlyCount "59"]
[EventDate "2024.10.25"]
[EventType "swiss"]
[EventRounds "5"]
[EventCountry "ENG"]
[SourceTitle "BritBase"]
[Source "John Saunders"]
[SourceDate "2024.12.27"]
[SourceVersion "1"]
[SourceVersionDate "2024.12.27"]
[SourceQuality "1"]

1. d4 Nf6 2. Bf4 c5 3. e3 Nd5 4. Bg3 Qb6 5. Nc3 Nxc3 6. bxc3 Qa5 7. Qd2 d5 8. c4 Qxd2+ 9. Kxd2 e6 10. Nf3 Nc6 11. cxd5 exd5 12. Bb5 f6 13. c4 a6 14. Bxc6+ bxc6 15. Rhc1 dxc4 16. Rxc4 Be6 17. Rc2 c4 18. Kc3 c5 19. Rd1 cxd4+ 20. Nxd4 Bf7 21. Nf5 Bg6 22. e4 Rc8 23. Rb2 a5 24. Rb7 Bb4+ 25. Kc2 Bxf5 26. exf5 O-O 27. Rdd7 Rfe8 28. Rxg7+ Kh8 29. Rxh7+ Kg8 30. Rbg7+ 1/2-1/2

[Event "Scarborough Open 47th"]
[Site "Scarborough"]
[Date "2024.10.26"]
[Round "2.26"]
[White "Varley, Joe"]
[Black "Ridge, Michael"]
[Result "1-0"]
[WhiteElo "1914"]
[BlackElo "1885"]
[PlyCount "53"]
[EventDate "2024.10.25"]
[EventType "swiss"]
[EventRounds "5"]
[EventCountry "ENG"]
[SourceTitle "BritBase"]
[Source "John Saunders"]
[SourceDate "2024.12.27"]
[SourceVersion "1"]
[SourceVersionDate "2024.12.27"]
[SourceQuality "1"]

1. e4 c5 2. Nf3 g6 3. c3 Nf6 4. d3 Bg7 5. Be2 O-O 6. O-O d5 7. e5 Ne8 8. Be3 b6 9. Qd2 f6 10. d4 cxd4 11. cxd4 Bg4 12. Nc3 e6 13. Rfe1 Nd7 14. Bh6 Bxf3 15. Bxf3 fxe5 16. Bg4 Nc7 17. dxe5 Qh4 18. Bxg7 Kxg7 19. Nxd5 Qxg4 20. Nxc7 Rad8 21. Qe2 Qf5 22. b4 h5 23. f3 h4 24. Rad1 Rf7 25. Qe4 Qxe4 26. Nxe6+ Kh6 27. Rxe4 1-0

[Event "Scarborough Open 47th"]
[Site "Scarborough"]
[Date "2024.10.26"]
[Round "2.27"]
[White "Cansdale, Zachary"]
[Black "Booth, Steven B"]
[Result "1/2-1/2"]
[WhiteElo "1949"]
[BlackElo "1938"]
[PlyCount "27"]
[EventDate "2024.10.25"]
[EventType "swiss"]
[EventRounds "5"]
[EventCountry "ENG"]
[SourceTitle "BritBase"]
[Source "John Saunders"]
[SourceDate "2024.12.27"]
[SourceVersion "1"]
[SourceVersionDate "2024.12.27"]
[SourceQuality "1"]

1. d4 d5 2. c4 c6 3. Nf3 Nf6 4. g3 Bf5 5. Bg2 e6 6. O-O h6 7. Nc3 Be7 8. Ne5 O-O 9. Kh1 Nbd7 10. f4 Bb4 11. Nb1 Be7 12. Nc3 Bb4 13. Nb1 Be7 14. Nc3 1/2-1/2

[Event "Scarborough Open 47th"]
[Site "Scarborough"]
[Date "2024.10.26"]
[Round "2.28"]
[White "Waterfield, Mark B"]
[Black "Longson, Sarah N"]
[Result "1-0"]
[WhiteElo "1816"]
[BlackElo "1947"]
[PlyCount "70"]
[EventDate "2024.10.25"]
[EventType "swiss"]
[EventRounds "5"]
[EventCountry "ENG"]
[SourceTitle "BritBase"]
[Source "John Saunders"]
[SourceDate "2024.12.27"]
[SourceVersion "1"]
[SourceVersionDate "2024.12.27"]
[SourceQuality "1"]

1. e4 e5 2. Nf3 Nc6 3. d4 exd4 4. Bc4 Nf6 5. e5 d5 6. Bb5 Ne4 7. Nxd4 Bc5 8. Be3 O-O 9. Nxc6 bxc6 10. Bxc5 Nxc5 11. Bxc6 Rb8 12. Qxd5 Qe7 13. O-O Rxb2 14. Qd4 Rxc2 15. Nc3 Kh8 16. Rfc1 Rxc1+ 17. Rxc1 Ne6 18. Qxa7 Nd8 19. Bf3 Qxe5 20. Qe3 Qxe3 21. fxe3 Be6 22. a4 g5 23. Nb5 g4 24. Ba8 Bb3 25. a5 c6 26. Nd4 Bd5 27. a6 Ne6 28. Bxc6 Nxd4 29. exd4 Bxc6 30. Rxc6 Ra8 31. d5 Kg7 32. d6 Ra7 33. Kf2 Kf6 34. Kg3 h5 35. Kf4 Ke6 1-0

[Event "Scarborough Open 47th"]
[Site "Scarborough"]
[Date "2024.10.26"]
[Round "2.29"]
[White "Bak, Christopher"]
[Black "Richmond, Frank"]
[Result "1-0"]
[WhiteElo "1984"]
[BlackElo "1695"]
[PlyCount "41"]
[EventDate "2024.10.25"]
[EventType "swiss"]
[EventRounds "5"]
[EventCountry "ENG"]
[SourceTitle "BritBase"]
[Source "John Saunders"]
[SourceDate "2024.12.27"]
[SourceVersion "1"]
[SourceVersionDate "2024.12.27"]
[SourceQuality "1"]

1. e4 e6 2. d4 d5 3. e5 c5 4. c3 Nc6 5. Nf3 Bd7 6. Be2 Nge7 7. O-O Nf5 8. dxc5 Bxc5 9. b4 Bb6 10. Bd3 Nh4 11. Re1 Nxf3+ 12. Qxf3 d4 13. b5 Ne7 14. c4 Qc7 15. Ba3 Ng6 16. Bd6 Qc8 17. Nd2 Bc7 18. Ne4 Nxe5 19. Qg3 Nxd3 20. Qxg7 Bxb5 21. Nf6+ 1-0

[Event "Scarborough Open 47th"]
[Site "Scarborough"]
[Date "2024.10.26"]
[Round "2.30"]
[White "Li, Joy Ching"]
[Black "Retout, Steve P"]
[Result "1-0"]
[WhiteElo "1786"]
[BlackElo "2013"]
[PlyCount "53"]
[EventDate "2024.10.25"]
[EventType "swiss"]
[EventRounds "5"]
[EventCountry "ENG"]
[SourceTitle "BritBase"]
[Source "John Saunders"]
[SourceDate "2024.12.27"]
[SourceVersion "1"]
[SourceVersionDate "2024.12.27"]
[SourceQuality "1"]

1. Nf3 c5 2. g3 b6 3. Bg2 Bb7 4. O-O e6 5. c4 Nf6 6. Nc3 a6 7. Qb3 d6 8. Rd1 Nbd7 9. a4 Be7 10. a5 b5 11. cxb5 axb5 12. Qxb5 Ba6 13. Qa4 O-O 14. d4 cxd4 15. Nxd4 Nc5 16. Qc2 d5 17. e4 Bb7 18. Nb3 Qc8 19. exd5 Nxd5 20. Nxd5 Bxd5 21. Bxd5 exd5 22. Nxc5 Qxc5 23. Qxc5 Bxc5 24. Rxd5 Be7 25. Bd2 Bf6 26. Ra2 g6 27. b4 1-0

[Event "Scarborough Open 47th"]
[Site "Scarborough"]
[Date "2024.10.26"]
[Round "3.1"]
[White "Davies, Nigel Rodney"]
[Black "Lemeshev, Ilya"]
[Result "1/2-1/2"]
[WhiteElo "2307"]
[BlackElo "2156"]
[PlyCount "85"]
[EventDate "2024.10.25"]
[EventType "swiss"]
[EventRounds "5"]
[EventCountry "ENG"]
[SourceTitle "BritBase"]
[Source "John Saunders"]
[SourceDate "2024.12.27"]
[SourceVersion "1"]
[SourceVersionDate "2024.12.27"]
[SourceQuality "1"]

1. d4 Nf6 2. Nf3 g6 3. c4 Bg7 4. Nc3 O-O 5. Bg5 d5 6. Bxf6 Bxf6 7. cxd5 e6 8. e3 exd5 9. b4 Be6 10. Be2 Nd7 11. O-O c6 12. Rb1 Qe7 13. a4 h5 14. Re1 Rfd8 15. Qc2 Rac8 16. Rb3 Nb8 17. Bd3 Bg4 18. Qb1 Bxf3 19. gxf3 Nd7 20. Kh1 Nf8 21. Rg1 Kh8 22. f4 Bg7 23. Qd1 Rd6 24. Nb1 b6 25. Nd2 c5 26. bxc5 bxc5 27. dxc5 Rxc5 28. Nf3 d4 29. e4 Rb6 30. Rxb6 axb6 31. f5 Qb7 32. Qe2 Qc6 33. Bb5 Qb7 34. Bd3 Qc6 35. Bb5 Qd6 36. Ng5 Qc7 37. Qa2 Qf4 38. Nxf7+ Kh7 39. Ng5+ Kh6 40. Qg8 Rc7 41. Be8 gxf5 42. Nf7+ Rxf7 43. Qxf7 1/2-1/2

[Event "Scarborough Open 47th"]
[Site "Scarborough"]
[Date "2024.10.26"]
[Round "3.2"]
[White "Birtwistle, Nigel"]
[Black "Boswell, Jacob Connor"]
[Result "1/2-1/2"]
[WhiteElo "2016"]
[BlackElo "2271"]
[PlyCount "54"]
[EventDate "2024.10.25"]
[EventType "swiss"]
[EventRounds "5"]
[EventCountry "ENG"]
[SourceTitle "BritBase"]
[Source "John Saunders"]
[SourceDate "2024.12.27"]
[SourceVersion "1"]
[SourceVersionDate "2024.12.27"]
[SourceQuality "1"]

1. d4 Nf6 2. Nf3 g6 3. g3 Bg7 4. Bg2 O-O 5. O-O d6 6. b3 c5 7. Bb2 Nc6 8. d5 Nb4 9. c4 Bf5 10. Nbd2 Rb8 11. a3 Na6 12. Nh4 Bd7 13. e4 b5 14. Bc3 Qb6 15. Re1 bxc4 16. bxc4 Ng4 17. Bxg7 Kxg7 18. Qe2 Qa5 19. Reb1 Rxb1+ 20. Rxb1 Rb8 21. Rxb8 Nxb8 22. h3 Nf6 23. Qe3 Bc8 24. Kh2 Nbd7 25. f4 Ba6 26. Nhf3 Nb6 27. e5 Ng8 1/2-1/2

[Event "Scarborough Open 47th"]
[Site "Scarborough"]
[Date "2024.10.26"]
[Round "3.3"]
[White "Kalavannan, Koby"]
[Black "Leung, Hao Ran"]
[Result "1-0"]
[WhiteElo "2303"]
[BlackElo "2043"]
[PlyCount "49"]
[EventDate "2024.10.25"]
[EventType "swiss"]
[EventRounds "5"]
[EventCountry "ENG"]
[SourceTitle "BritBase"]
[Source "John Saunders"]
[SourceDate "2024.12.27"]
[SourceVersion "1"]
[SourceVersionDate "2024.12.27"]
[SourceQuality "1"]

1. Nf3 g6 2. d4 Bg7 3. e4 d6 4. Nc3 Nf6 5. Bb5+ c6 6. Bd3 O-O 7. h3 Nbd7 8. Be3 e5 9. Qd2 exd4 10. Nxd4 Re8 11. O-O-O Nc5 12. Rhe1 Qc7 13. Bh6 Ne6 14. Nf5 gxf5 15. exf5 Nf8 16. Qg5 Ng6 17. fxg6 hxg6 18. Rxe8+ Nxe8 19. Re1 Nf6 20. Bxg7 Kxg7 21. f4 Nh7 22. Qh4 Be6 23. f5 gxf5 24. Qd4+ Nf6 25. g4 1-0

[Event "Scarborough Open 47th"]
[Site "Scarborough"]
[Date "2024.10.26"]
[Round "3.4"]
[White "Peart, Alan"]
[Black "Luk, Danbe"]
[Result "1/2-1/2"]
[WhiteElo "1942"]
[BlackElo "1869"]
[PlyCount "44"]
[EventDate "2024.10.25"]
[EventType "swiss"]
[EventRounds "5"]
[EventCountry "ENG"]
[SourceTitle "BritBase"]
[Source "John Saunders"]
[SourceDate "2024.12.27"]
[SourceVersion "1"]
[SourceVersionDate "2024.12.27"]
[SourceQuality "1"]

1. e4 c5 2. Nc3 e6 3. Nge2 Nc6 4. g3 Nf6 5. Bg2 d6 6. O-O Be7 7. d4 cxd4 8. Nxd4 Nxd4 9. Qxd4 Bd7 10. Qd3 Bc6 11. Bf4 Qd7 12. Rad1 Rd8 13. Be3 b6 14. h3 O-O 15. Rfe1 Qb7 16. a4 d5 17. exd5 Nxd5 18. Nxd5 Bxd5 19. Bxd5 Rxd5 20. Qb3 Rfd8 21. c4 R5d7 22. Rxd7 Qxd7 1/2-1/2

[Event "Scarborough Open 47th"]
[Site "Scarborough"]
[Date "2024.10.26"]
[Round "3.5"]
[White "Cheng, Louis"]
[Black "Szekely, Virgil"]
[Result "0-1"]
[WhiteElo "2047"]
[BlackElo "2012"]
[PlyCount "90"]
[EventDate "2024.10.25"]
[EventType "swiss"]
[EventRounds "5"]
[EventCountry "ENG"]
[SourceTitle "BritBase"]
[Source "John Saunders"]
[SourceDate "2024.12.27"]
[SourceVersion "1"]
[SourceVersionDate "2024.12.27"]
[SourceQuality "1"]

1. e4 c6 2. d4 d5 3. Nc3 dxe4 4. Nxe4 Nf6 5. Nxf6+ exf6 6. c3 Bd6 7. Bd3 O-O 8. Qc2 Re8+ 9. Ne2 h5 10. Be3 Nd7 11. c4 c5 12. O-O-O Qa5 13. Kb1 cxd4 14. Nxd4 Ne5 15. Bh7+ Kh8 16. Bf5 Nxc4 17. Qxc4 Bxf5+ 18. Nxf5 Qxf5+ 19. Ka1 Re6 20. Rd5 Qg4 21. Qd3 Be5 22. Rd1 Qb4 23. Rb5 Qa4 24. f4 Rd6 25. Rd5 Rad8 26. Rxd6 Rxd6 27. Qxd6 Bxd6 28. Rxd6 Qe4 29. Bc1 Qxg2 30. Rd2 Qh1 31. Kb1 Qe4+ 32. Ka1 Kh7 33. Rf2 Qe1 34. Rc2 g5 35. fxg5 fxg5 36. b3 f5 37. Kb2 Qe5+ 38. Kb1 f4 39. Bb2 Qe1+ 40. Bc1 f3 41. Rc7+ Kg6 42. Rc8 f2 43. Rg8+ Kf7 44. Rxg5 f1=Q 45. Rc5 Qd3+ 0-1

[Event "Scarborough Open 47th"]
[Site "Scarborough"]
[Date "2024.10.26"]
[Round "3.6"]
[White "Vaddhireddy, Sai"]
[Black "Potter, John M"]
[Result "1/2-1/2"]
[WhiteElo "1961"]
[BlackElo "2027"]
[PlyCount "48"]
[EventDate "2024.10.25"]
[EventType "swiss"]
[EventRounds "5"]
[EventCountry "ENG"]
[SourceTitle "BritBase"]
[Source "John Saunders"]
[SourceDate "2024.12.27"]
[SourceVersion "1"]
[SourceVersionDate "2024.12.27"]
[SourceQuality "1"]

1. d4 Nf6 2. c4 g6 3. g3 Bg7 4. Bg2 O-O 5. Nc3 d6 6. Nf3 Nfd7 7. O-O Nc6 8. b3 e5 9. Bg5 f6 10. Be3 Ne7 11. dxe5 Nxe5 12. Nxe5 fxe5 13. Qd2 Nf5 14. Bg5 Bf6 15. Ne4 Bxg5 16. Nxg5 Qe7 17. Rad1 Rb8 18. Ne4 b6 19. Nc3 Be6 20. e3 Rbe8 21. Bc6 Rd8 22. Bg2 Rde8 23. Bc6 Rd8 24. Bg2 Rde8 1/2-1/2

[Event "Scarborough Open 47th"]
[Site "Scarborough"]
[Date "2024.10.26"]
[Round "3.7"]
[White "Brencher, Paul"]
[Black "Mason, Donald J"]
[Result "0-1"]
[WhiteElo "1920"]
[BlackElo "1993"]
[PlyCount "78"]
[EventDate "2024.10.25"]
[EventType "swiss"]
[EventRounds "5"]
[EventCountry "ENG"]
[SourceTitle "BritBase"]
[Source "John Saunders"]
[SourceDate "2024.12.27"]
[SourceVersion "1"]
[SourceVersionDate "2024.12.27"]
[SourceQuality "1"]

1. d4 Nf6 2. Nc3 d5 3. Bf4 g6 4. e3 Bg7 5. h4 h5 6. Nf3 O-O 7. Ne5 c5 8. Be2 cxd4 9. exd4 Nc6 10. Nxc6 bxc6 11. O-O Nd7 12. Na4 e5 13. Bg5 Bf6 14. dxe5 Nxe5 15. Bxf6 Qxf6 16. g3 Bh3 17. Re1 Rae8 18. f4 Ng4 19. Bxg4 Bxg4 20. Qd2 Re4 21. Qc3 Qd4+ 22. Qxd4 Rxd4 23. b3 Rd2 24. c4 d4 25. Nc5 Bf3 26. Ne4 Bxe4 27. Rxe4 Rd8 28. Rae1 Rxa2 29. Re8+ Rxe8 30. Rxe8+ Kg7 31. Rd8 c5 32. Rd5 Rb2 33. Rxc5 Rxb3 34. Kf2 Rc3 35. Ra5 Rxc4 36. Rxa7 Kf6 37. Ra5 {[=]} Ke6 38. Re5+ Kd6 39. Ra5 Rc8 0-1

[Event "Scarborough Open 47th"]
[Site "Scarborough"]
[Date "2024.10.26"]
[Round "3.8"]
[White "Sasikumar, Srivathsan"]
[Black "Rughani, Mahin"]
[Result "0-1"]
[WhiteElo "1924"]
[BlackElo "1921"]
[PlyCount "84"]
[EventDate "2024.10.25"]
[EventType "swiss"]
[EventRounds "5"]
[EventCountry "ENG"]
[SourceTitle "BritBase"]
[Source "John Saunders"]
[SourceDate "2024.12.27"]
[SourceVersion "1"]
[SourceVersionDate "2024.12.27"]
[SourceQuality "1"]

1. e4 c6 2. d4 d5 3. exd5 cxd5 4. c4 Nf6 5. Nc3 Nc6 6. Nf3 a6 7. c5 g6 8. Be2 Bg7 9. O-O O-O 10. Be3 Qc7 11. a3 Bf5 12. Qd2 Ne4 13. Qc1 Rad8 14. Rd1 Na5 15. Nxe4 dxe4 16. Nd2 Bxd4 17. Bxd4 Rxd4 18. Qc3 Rfd8 19. b4 Rxd2 20. Rxd2 Rxd2 21. Qxd2 Nb3 22. Qd1 Nxa1 23. Qxa1 Qf4 24. Qc3 Bd7 25. h3 Bc6 26. Bc4 Qg5 27. Bf1 e6 28. Kh2 Qf4+ 29. Kg1 Qg5 30. Kh2 Qf5 31. Kg1 h5 32. Qd4 Qd5 33. Qa1 e5 34. Qc1 Qd4 35. Bc4 Kg7 36. Bb3 Bb5 37. a4 Bc6 38. Qe1 Qb2 39. Qd1 e3 40. Bc2 Bxa4 41. fxe3 Qxc2 42. Qd6 Qd1+ 0-1

[Event "Scarborough Open 47th"]
[Site "Scarborough"]
[Date "2024.10.26"]
[Round "3.9"]
[White "Han, Qixuan"]
[Black "Vaidyanathan, Adithya"]
[Result "0-1"]
[WhiteElo "1932"]
[BlackElo "1932"]
[PlyCount "72"]
[EventDate "2024.10.25"]
[EventType "swiss"]
[EventRounds "5"]
[EventCountry "ENG"]
[SourceTitle "BritBase"]
[Source "John Saunders"]
[SourceDate "2024.12.27"]
[SourceVersion "1"]
[SourceVersionDate "2024.12.27"]
[SourceQuality "1"]

1. Nf3 Nf6 2. e3 c5 3. c4 g6 4. Nc3 Bg7 5. d4 cxd4 6. exd4 O-O 7. Be2 d5 8. O-O Nc6 9. Bf4 dxc4 10. Bxc4 Na5 11. Be2 Nd5 12. Nxd5 Qxd5 13. Be5 Rd8 14. Bxg7 Kxg7 15. Qa4 Bd7 16. Qa3 Nc6 17. Rfd1 Be6 18. b3 Qe4 19. Qb2 Bd5 20. Bc4 e6 21. Bxd5 Rxd5 22. Rd2 Rad8 23. Rad1 g5 24. Re2 Qf4 25. h3 h5 26. Red2 g4 27. hxg4 hxg4 28. Nh2 Nxd4 29. g3 Qe5 30. Kf1 Qe4 31. Kg1 e5 32. f4 Rh8 33. fxe5 Ne2+ 34. Kf1 Qh1+ 35. Kxe2 Rxh2+ 36. Ke3 Qf3# 0-1

[Event "Scarborough Open 47th"]
[Site "Scarborough"]
[Date "2024.10.26"]
[Round "3.10"]
[White "Ilett, Raymond J"]
[Black "Mclean, Robert"]
[Result "0-1"]
[WhiteElo "1832"]
[BlackElo "2013"]
[PlyCount "78"]
[EventDate "2024.10.25"]
[EventType "swiss"]
[EventRounds "5"]
[EventCountry "ENG"]
[SourceTitle "BritBase"]
[Source "John Saunders"]
[SourceDate "2024.12.27"]
[SourceVersion "1"]
[SourceVersionDate "2024.12.27"]
[SourceQuality "1"]

1. d4 e6 2. c4 b6 3. Nc3 Bb4 4. Nf3 Bb7 5. e3 Nf6 6. Bd3 Ne4 7. Qc2 f5 8. O-O Bxc3 9. bxc3 O-O 10. Nd2 Qh4 11. Ba3 d6 12. f4 Nxd2 13. Qxd2 Nd7 14. c5 dxc5 15. dxc5 Rfd8 16. Qf2 Qxf2+ 17. Rxf2 Nxc5 18. Bxc5 Rxd3 19. Bd4 Rd8 20. Rb2 c5 21. Bxc5 Rd2 22. Rxd2 Rxd2 23. Bd4 Rxg2+ 24. Kf1 Rxh2 25. Re1 Rxa2 26. Kg1 Rg2+ 27. Kf1 Rh2 28. Kg1 Rh1+ 29. Kf2 Rxe1 30. Kxe1 Kf7 31. Kd2 h6 32. Be5 g5 33. fxg5 hxg5 34. Kd3 b5 35. Kd4 Bd5 36. Kc5 Bc4 37. Bb8 a5 38. Bc7 a4 39. Kb4 Kg6 0-1